Cluj-Napoca Trivia - Statistics

General Stats
  • This quiz has been taken 16 times
  • The average score is 5 of 15
Answer Stats
Hint Answer % Correct
In which country is Cluj-Napoca located? Romania
100%
In which historical region is Cluj-Napoca located? (also known for Dracula) Transylvania
73%
What is the population of Cluj-Napoca? (rounded to hundreds of thousands) 300000
67%
What famous beer is from Cluj-Napoca? (Latin for bear) Ursus
60%
What is the German version of Cluj-Napoca? Klausenburg
53%
And what is the Hungarian version? Kolozsvár
47%
How many Hungarians live in Cluj-Napoca? (rounded to tens of thousands) 50000
40%
What is the tallest building of Cluj-Napoca? West City Tower
13%
What is the surface area of Cluj-Napoca? (in sq km) 179,5
7%
What is the name of the mountain range south-west of Cluj-Napoca? Apuseni Mountains
7%
What is the full name of the Romanian professional football club based in Cluj-Napoca? Fotbal Club CFR 1907 Cluj
7%
Which band from Cluj-Napoca finished third in the Eurovision Song Contest 2005? Sistem
7%
What is the nickname of Cluj-Napoca? the Treasure City
7%
What is the highest temperature ever recorded in Cluj-Napoca? (in °F) 101,3
0%
And what is the lowest temperature ever recorded in Cluj-Napoca? (in °C) -34,2
0%
No matching quizzes found
Score Distribution
Percent of People with Each Score
Percentile by Number Answered
Your Score History
You have not taken this quiz